ბათუმის შოთა რუსთაველის სახელმწიფო უნივერსიტეტის ბიბლიოთეკა

წარმოების ეკონომიკა და ორგანიზაცია ელექტროტექნიკურ მრეწველობაში : (ბიბ.ჩანაწერი № 63794)

000 -ლიდერი
ფიქსირებული სიგრძის საკონტროლო ველი 01030nam a2200193 4500
003 - საკონტროლო ნომრის იდენტიფიკატორი
საკონტროლო ველი Ge_BSU
005 - ბოლო ოპერაციის თარიღი და დრო
საკონტროლო ველი 20260114205932.0
008 - ფიქსირებული სიგრძის მონაცემთა ელემენტები - ზოგადი ინფორმაცია
ფიქსირებული სიგრძის საკონტროლო ველი 260114s1960 ge ||||| |||| 00| 0 geo d
041 ## - ენის კოდი
Language code of text/sound track or separate title geo
080 ## - უნივერსალური ათობითი კლასიფიკაციის ინდექსი
Universal Decimal Classification number 338.45:621.3(075.32) გ-20
100 ## - მთავარი ჩანაწერი - პიროვნების სახელი
Personal name განი, ვ.
9 (RLIN) 26684
245 ## - ცნობა სათაურის შესახებ
Title წარმოების ეკონომიკა და ორგანიზაცია ელექტროტექნიკურ მრეწველობაში :
Remainder of title [დამხმ. სახელმძღვ. ტექნიკუმებისათვის] /
Statement of responsibility, etc ვ. განი.
250 ## - გამოცემის ცნობა
Edition statement მე-2 გადამუშ. გამოცემა
264 ## - წარმოების, გამოცემის, დისტრიბუციის და სხვა ცნობები
გამოცემის, წარმოების, დისტრიბუციის... ადგილი თბილისი :
გამოცემის, წარმოების, დისტრიბუციის... სახელწოდება ცოდნა,
გამოცემის, წარმოების, დისტრიბუციის... თარიღი 1960.
300 ## - ფიზიკური აღწერა
Extent 511 გვ. :
Other physical details ნახაზ. და ცხრილ. ;
Dimensions 23 სმ.
504 ## - BIBLIOGRAPHY, ETC. NOTE
Bibliography, etc ბიბლიოგრ: გვ. 511.
653 ## - INDEX TERM--UNCONTROLLED
Uncontrolled term ელექტროტექნიკური მრეწველობის ეკონომიკა
942 ## - ADDED ENTRY ELEMENTS (KOHA)
Source of classification or shelving scheme
Koha item type წიგნი
ეგზემპლარები
ჩამოწერის სტატუსი დაკარგული ეგზემპლარის სტატუსი კლასიფიკაციის წყარო ან თაროზე გაწყობის სქემა დაზიანების სტატუსი არ გაიცემა მუდმივი მდებარეობა (დაცვის ადგილი) ამჟამინდელი ადგილსამყოფელი თაროზე განთავსების ადგილი შეძენის თარიღი ღირებულება, შესყიდვის ნორმალური ფასი სრული შენახვის შიფრი შტრიხკოდი ბოლო ოპერაციის თარიღი ეგზემპლარის მიმდევრობითი ნომერი (კეტერი?) ფასის ძალაში შესვლის თარიღი ეგზემპლარის სახეობა საჯარო შენიშვნა
          ბათუმის შოთა რუსთაველის სახელმწიფო უნივერსიტეტის მთავარი ბიბლიოთეკა ბათუმის შოთა რუსთაველის სახელმწიფო უნივერსიტეტის მთავარი ბიბლიოთეკა წიგნსაცავი 2026-01-14 1.97 338.45:621.3(075.32) გ-20 73459 2026-01-14 73495 2026-01-14 წიგნი 1 ლ. 95 თ.